00753nam a2200241 a 4500001001300000003000900013005001700022008004100039020001000080082001500090100001800105245007200123260003600195300000900231500003500240505003300275650002300308700001800331902000800349942000700357952013000364999001700494nice12345678IN_TiNIC20260116015010.0050524s1997 cola grp 000 0 eng  ac96000a297.1bLEE aLee, Robert D aOvercoming Tradition and Modernityb Searh for Islamic Authenticity aColoradobWest View Pressc1997 a216p aincludes index and biblioraphy2 aSelected Bibliography, Index aIslam-20th Century1 aLee, Robert D bSRS cBK 001040708StackRoom-aHMIbHMId2007-07-27g960.00l1o297.1 LEEp11001237r2020-02-04s2020-01-29v960.00w2005-05-24yBK c17899d17899